00982nam a2200205 a 450000100100000000500170001000800410002702000150006804000250008308200150010810000550012324000350017824501690021326000400038230000280042259000750045070000480052595201860057399900170075900003564220200930074509.0111107s1975 sp a 000 0 spa d a8420622001 aDO-SdBNPbspacBNPHU axxxbS642p1 aSmith, C. U. M.q(Christopher Upham Murray)96155813aThe problem of lifelespañol13aEl problema de la vida :b(Ensayo sobre los orígenes del pensamiento biológico) /cC. U. M. Smith ; versión española de Natividad Sánchez Sainz-Trápaga. aMadrid :bAlianza Editorial,c1975. a448 p. :bil. ;c20 cm. aPerteneció a la biblioteca personal de Juan Isidro Jimenes Grullón1 aSánchez Sainz-Trápaga, Natividad951556 001050718MOaGRbGRcCTd2011-11-07iLF1l0oxxx S642pp35642-10r2020-06-25w2020-06-25y1zPerteneció a la biblioteca personal de Juan Isidro Jimenes- GrullónZNo se presta c35133d35133